[Event "Tula op"]
[Site "Tula"]
[Date "2000.??.??"]
[Round "7"]
[White "Efremov, Roman"]
[Black "Bairachny, Ruslan"]
[Result "0-1"]
[WhiteElo "2312"]
[BlackElo "2440"]
[PlyCount "78"]
[EventDate "2000.??.??"]
[EventType "swiss"]
[EventRounds "10"]
[EventCountry "RUS"]
[SourceTitle "EXT 2001"]
[Source "ChessBase"]
[SourceDate "2000.11.22"]
[SourceVersion "1"]
[SourceVersionDate "2000.11.22"]
[SourceQuality "1"]

1. e4 c5 2. Nf3 e6 3. d4 cxd4 4. Nxd4 Nc6 5. Nc3 Qc7 6. Be2 a6 7. 0-0 Nf6 8. Be3 d6 9. a4 Be7 10. f4 0-0 11. Kh1 Re8 12. Bd3 Nb4 13. a5 e5 14. fxe5 dxe5 15. Nf5 Bxf5 16. Rxf5 g6 17. Rf3 Ng4 18. Bb6 Qc6 19. Qf1 Bc5 20. h3 Nh6 21. Bc4 Bxb6 22. axb6 Kg7 23. Nd5 Nxd5 24. Bxd5 Qd7 25. c4 Qe7 26. c5 Qxc5 27. Rxf7+ Nxf7 28. Qxf7+ Kh6 29. Bxb7 Rab8 30. Bxa6 Rf8 31. Qc7 Qxb6 32. Qxe5 Ra8 33. Qe7 Rf6 34. e5 Rxa6 35. Rd1 Rf4 36. h4 Qf2 37. Qg5+ Kg7 38. Rd7+ Rf7 39. Rd1 Ra4 0-1

[Event "Chigorin Memorial"]
[Site "St Petersburg"]
[Date "1995.??.??"]
[Round "2"]
[White "Efremov, Roman"]
[Black "Aseev, Konstantin N"]
[Result "1/2-1/2"]
[WhiteElo "2425"]
[BlackElo "2530"]
[PlyCount "68"]
[EventDate "1995.09.??"]
[EventType "swiss"]
[EventRounds "9"]
[EventCountry "RUS"]
[SourceTitle "EXT 1997"]
[Source "ChessBase"]
[SourceDate "1996.11.15"]
[SourceVersion "1"]
[SourceVersionDate "1996.11.15"]
[SourceQuality "1"]

1. d4 Nf6 2. c4 e6 3. g3 c5 4. d5 exd5 5. cxd5 b5 6. Bg2 d6 7. Nf3 Nbd7 8. 0-0 Nb6 9. e4 Be7 10. Re1 0-0 11. Nh4 Ne8 12. Nf5 Bxf5 13. exf5 Nc7 14. Nc3 b4 15. Ne2 Re8 16. a3 a5 17. Nf4 Bf6 18. Be4 Bd4 19. Kg2 Nd7 20. axb4 axb4 21. Rxa8 Nxa8 22. Nh5 Nf6 23. Nxf6+ Bxf6 24. Qd3 Nb6 25. b3 Bc3 26. Re3 Nd7 27. g4 Nf6 28. Bf3 Rxe3 29. Bxe3 h6 30. Bf4 Qe7 31. h3 Be5 32. Be3 Nd7 33. Bd1 Bc3 34. Bf3 Nf6 1/2-1/2

[Event "Novgorod op"]
[Site "Novgorod"]
[Date "1995.??.??"]
[Round "4"]
[White "Efremov, Roman"]
[Black "Gavrilov, Alexei"]
[Result "1-0"]
[WhiteElo "2475"]
[BlackElo "2390"]
[PlyCount "83"]
[EventDate "1995.05.??"]
[EventType "swiss"]
[EventRounds "9"]
[EventCountry "RUS"]
[SourceTitle "EXT 2000"]
[Source "ChessBase"]
[SourceDate "1999.11.16"]
[SourceVersion "1"]
[SourceVersionDate "1999.11.16"]
[SourceQuality "1"]

1. d4 d5 2. c4 c6 3. Nc3 e5 4. dxe5 d4 5. Ne4 Qa5+ 6. Bd2 Qxe5 7. Ng3 c5 8. Nf3 Qc7 9. e3 Nc6 10. Bd3 Bg4 11. Qa4 0-0-0 12. 0-0-0 Nf6 13. h3 Ne5 14. Ba5 b6 15. Bxb6 Qxb6 16. Nxe5 Bxd1 17. Rxd1 Bd6 18. Nxf7 dxe3 19. Nxh8 Be5 20. Qc2 Rxh8 21. Nf5 exf2 22. Qxf2 Rf8 23. Nxg7 Bd4 24. Bf5+ Kb8 25. Qc2 Ng4 26. hxg4 Bxg7 27. Rd3 Qh6+ 28. Kb1 Re8 29. a3 Re7 30. Rd8+ Kc7 31. Rc8+ Kb7 32. Qb3+ Qb6 33. Qf3+ Ka6 34. Rc6 Rb7 35. Bc8 Ka5 36. Rxb6 Rxb6 37. b3 Rb8 38. Bd7 Rf8 39. Qe2 Bd4 40. Qe7 Rf1+ 41. Kc2 Rf2+ 42. Kd3 1-0

[Event "Moscow op"]
[Site "Moscow"]
[Date "1995.??.??"]
[Round "4"]
[White "Efremov, Roman"]
[Black "Mitenkov, Alexey"]
[Result "1/2-1/2"]
[WhiteElo "2475"]
[BlackElo "2465"]
[PlyCount "76"]
[EventDate "1995.??.??"]
[EventType "swiss"]
[EventRounds "9"]
[EventCountry "RUS"]
[SourceTitle "EXT 2000"]
[Source "ChessBase"]
[SourceDate "1999.11.16"]
[SourceVersion "1"]
[SourceVersionDate "1999.11.16"]
[SourceQuality "1"]

1. d4 Nf6 2. c4 e6 3. Nc3 Bb4 4. Qc2 0-0 5. a3 Bxc3+ 6. Qxc3 b6 7. Bg5 Bb7 8. f3 c5 9. dxc5 bxc5 10. e3 d6 11. Bd3 Nbd7 12. Ne2 Re8 13. 0-0 d5 14. Rad1 h6 15. Bxf6 Qxf6 16. cxd5 exd5 17. Bb5 Re7 18. Bxd7 Qxc3 19. Nxc3 Rxd7 20. Rf2 Bc6 21. Rfd2 Rad8 22. Ne2 Bb5 23. Rc1 Bxe2 24. Rxe2 c4 25. Kf2 Rb8 26. Rd2 Rdb7 27. Rcc2 Rb5 28. Kg3 R8b6 29. h4 g6 30. Kf4 Re6 31. g4 Kg7 32. Rd4 Rb3 33. Rc3 Rf6+ 34. Kg3 Rxc3 35. bxc3 Ra6 36. e4 dxe4 37. Rxe4 Rxa3 38. Rxc4 a5 1/2-1/2

[Event "Novgorod op"]
[Site "Novgorod"]
[Date "1995.??.??"]
[Round "1"]
[White "Malaniuk, Vladimir P"]
[Black "Efremov, Roman"]
[Result "1-0"]
[WhiteElo "2605"]
[BlackElo "2475"]
[PlyCount "75"]
[EventDate "1995.05.??"]
[EventType "swiss"]
[EventRounds "9"]
[EventCountry "RUS"]
[SourceTitle "EXT 2000"]
[Source "ChessBase"]
[SourceDate "1999.11.16"]
[SourceVersion "1"]
[SourceVersionDate "1999.11.16"]
[SourceQuality "1"]

1. d4 Nf6 2. Nf3 g6 3. c3 Bg7 4. Bg5 0-0 5. Nbd2 d5 6. e3 h6 7. Bh4 Nbd7 8. Be2 c6 9. 0-0 Re8 10. Rc1 e5 11. Nb3 Qb6 12. c4 dxc4 13. Nbd2 e4 14. Ne5 Qxb2 15. Ndxc4 Qb4 16. Nxd7 Nxd7 17. Rb1 Qf8 18. Bg3 Re6 19. a4 Kh7 20. a5 Nf6 21. Qb3 Nd5 22. f3 exf3 23. Bxf3 Qe7 24. Rfe1 h5 25. h3 h4 26. Bf2 f5 27. Nd2 b6 28. e4 fxe4 29. Bxe4 Bh6 30. Bxd5 cxd5 31. Qxd5 Rb8 32. Nf3 Qd6 33. Qxd6 Rxd6 34. Re7+ Kg8 35. Re8+ Bf8 36. Rbe1 Ra8 37. a6 Rc6 38. Bxh4 1-0

[Event "Chigorin Memorial"]
[Site "St Petersburg"]
[Date "1995.??.??"]
[Round "1"]
[White "Tkacheva, Lyuba"]
[Black "Efremov, Roman"]
[Result "0-1"]
[WhiteElo "2050"]
[BlackElo "2425"]
[PlyCount "96"]
[EventDate "1995.09.??"]
[EventType "swiss"]
[EventRounds "9"]
[EventCountry "RUS"]
[SourceTitle "EXT 1997"]
[Source "ChessBase"]
[SourceDate "1996.11.15"]
[SourceVersion "1"]
[SourceVersionDate "1996.11.15"]
[SourceQuality "1"]

1. e4 c5 2. Nf3 d6 3. d4 cxd4 4. Qxd4 a6 5. Be3 Nc6 6. Qb6 Qxb6 7. Bxb6 Nf6 8. Nc3 Bg4 9. Be2 Rc8 10. Nd4 Nxd4 11. Bxd4 Bxe2 12. Kxe2 b5 13. a3 e6 14. f3 Be7 15. Rac1 0-0 16. Kf2 Rc4 17. Ne2 Rfc8 18. c3 e5 19. Ba7 Ra8 20. Be3 d5 21. exd5 Nxd5 22. Rcd1 Rd8 23. Ng3 g6 24. Rd3 Nxe3 25. Rxd8+ Bxd8 26. Kxe3 f5 27. Rd1 Be7 28. Ke2 Kf7 29. Nf1 Ke6 30. Ne3 Rc5 31. Rd3 Bd6 32. g3 Be7 33. Rd1 Bg5 34. Rd3 h5 35. Rd1 Be7 36. Rd3 g5 37. h3 f4 38. gxf4 gxf4 39. Nd1 Rc8 40. Nf2 Rg8 41. Kf1 Bc5 42. Rd1 Be3 43. b3 Bxf2 44. Kxf2 e4 45. Rd4 e3+ 46. Kf1 Ke5 47. Re4+ Kf5 48. h4 Rg3 0-1